Applied probability models with optimization applications

Uloženo v:
Podrobná bibliografie
Hlavní autor: Ross, Sheldon M (Autor)
Médium: Kniha
Jazyk:angličtina
Vydáno: San Francisco Holden-Day 1970
Edice:Holden-Day Series in Management Science
Témata:
Tagy: Přidat tag
Žádné tagy, Buďte první, kdo vytvoří štítek k tomuto záznamu!

MARC

LEADER 00000nam a2200000 a 4500
001 UCP0043
003 CL-VaPUC
008 990128e19700000US |||||||||||||||||eng|d
082 0 4 |a 519.2  |b ROS  |2 21 
100 0 |a Ross, Sheldon M  |e author  |9 424885 
245 1 0 |a Applied probability models with optimization applications 
300 |a 198 p 
942 |c BK 
945 |d 19990128 00:00:00  |a crobeson 
260 |a San Francisco  |b Holden-Day  |c 1970 
650 0 |a Teoría de probabilidades   |9 336944 
650 0 |a Procesos estocásticos   |9 260364 
650 7 |a PROCESOS DE POISSON  |2 CL-VaPUC  |9 424761 
650 7 |a TEORIA DE RENOVACION  |2 CL-VaPUC  |9 424886 
650 0 |a Cadenas de Markov  |9 350699 
650 7 |a MOVIMIENTO BROWNIANO  |2 CL-VaPUC  |9 270488 
583 |a last modification  |c 19990128 00:00:00  |k Rodrigo Vera 
490 0 |a Holden-Day Series in Management Science 
999 |c 278929  |d 278927 
952 |0 0  |1 0  |4 0  |6 519_200000000000000_ROS_1970  |7 0  |8 A  |9 317750  |a BIBGIM  |b BIBGIM  |d 2019-11-20  |i 1320696  |o 519.2 ROS 1970  |p 1320696  |r 2025-01-15  |w 2019-11-20  |y BK  |k EST